书目信息 |
| 题名: |
Adobe 创意大学Fireworks CS6标准教材
|
|
| 作者: | ;陈志民 编著 ;北京希望电子出版社 主编 | |
| 分册: | ||
| 出版信息: | 北京 北京希望电子出版社 2013 |
|
| 页数: | 300页 | |
| 开本: | 26cm | |
| 丛书名: | ||
| 单 册: | ||
| 中图分类: | TP393.092.2 | |
| 科图分类: | ||
| 主题词: | 网页制作工具 , 网页制作工具--教材 | |
| 电子资源: | ||
| ISBN: | 978-7-83002-091-0 | |
| 000 | 01157nam0 2200289 450 | |
| 001 | 140305 | |
| 005 | 20141019150529.62 | |
| 010 | @a978-7-83002-091-0@b光盘@dRMB 42.00 | |
| 100 | @a20130603d2013 em y0chiy50 ea | |
| 101 | 0 | @achi |
| 102 | @aCN@b110000 | |
| 105 | @aa z 000yy | |
| 200 | 1 | @aAdobe 创意大学Fireworks CS6标准教材@AAdobe chuang yi da xue Fireworks CS6 biao zhun jiao cai@b专著@f陈志民编著 |
| 210 | @a北京@c北京希望电子出版社@d2013 | |
| 215 | @a300页@c图@d26cm@e1光盘 | |
| 300 | @aAdobe 创意大学指定教材 | |
| 307 | @a附光盘:ISBN 978-7-89430-141-3 | |
| 314 | @a主编:北京希望电子出版社 | |
| 330 | @a本书详细地讲解了Fireworks CS6的各项功能,包括对象的操作、矢量图形的操作、位图图像的操作、图形的填充、编辑文本、应用层、应用滤镜、使用切片和热点、网页导航按钮、动画制作、优化和输出图像、Fireworks与其他程序之间的应用等内容。 | |
| 606 | 0 | @a网页制作工具 |
| 606 | 0 | @a网页制作工具@j教材 |
| 610 | 0 | @aFireworks |
| 690 | @aTP393.092.2@v5 | |
| 702 | 0 | @a陈志民@Achen zhi min@c(建筑设计)@4编著 |
| 711 | 02 | @a北京希望电子出版社@Abei jing xi wang dian zi chu ban she@4主编 |
| 801 | 0 | @c20140927 |
| 905 | @a241430@dTP393.092.2@eC654 | |
| Adobe 创意大学Fireworks CS6标准教材/陈志民编著.-北京:北京希望电子出版社,2013 |
| 300页:图;26cm+1光盘 |
| Adobe 创意大学指定教材 |
| ISBN 978-7-83002-091-0(光盘):RMB 42.00 |
| 本书详细地讲解了Fireworks CS6的各项功能,包括对象的操作、矢量图形的操作、位图图像的操作、图形的填充、编辑文本、应用层、应用滤镜、使用切片和热点、网页导航按钮、动画制作、优化和输出图像、Fireworks与其他程序之间的应用等内容。 |
| ● |
| 相关链接 |
|
|
|
正题名:Adobe 创意大学Fireworks CS6标准教材
索取号:TP393.092.2/C654
 
预约/预借
| 序号 | 登录号 | 条形码 | 馆藏地/架位号 | 状态 | 备注 |
| 1 | 0834297 | 208342970 | 自科库301/301自科库 35排2列4层/ [索取号:TP393.092.2/C654] | 在馆 | |
| 2 | 0834298 | 208342989 | 自科库301/301自科库 131排1列4层/ [索取号:TP393.092.2/C654] | 在馆 | |
| 3 | 0834299 | 208342998 | 自科二线400A/400A自科库 3排1列5层/ [索取号:TP393.092.2/C654] | 在馆 |